Southville International School and Colleges
Your cart is empty.
  • Cart
  • Lists
    Public lists Eva Luna New books Lux_list list_1
    Your lists Log in to create your own lists
  • Log in to your account
  • Your cookies
  • Search history
Southville International School and Colleges
  • Advanced search
  • Recent comments
  • Most popular
  • Libraries

Log in to your account

Log in with GOOGLE


If you do not have an external account, but do have a local account, you can still log in:

  1. Home
  2. MARC view: Screenplay :
Normal view MARC view ISBD view

Screenplay : (Record no. 20626)

[ view plain ]
MARC details
000 -LEADER
fixed length control field 00533nam a2200181 a 4500
005 - DATE AND TIME OF LATEST TRANSACTION
control field 20140310183242.0
008 - FIXED-LENGTH DATA ELEMENTS--GENERAL INFORMATION
fixed length control field 040806s19uu xx 00 eng d
020 ## - INTERNATIONAL STANDARD BOOK NUMBER
International Standard Book Number 015507444x
050 ## - LIBRARY OF CONGRESS CALL NUMBER
Classification number PN 1996
Item number .R84 2000
100 ## - MAIN ENTRY--PERSONAL NAME
Personal name Russin, Robin
245 ## - TITLE STATEMENT
Title Screenplay :
Remainder of title writing the picture /
Statement of responsibility, etc Robin Russin.
260 ## - PUBLICATION, DISTRIBUTION, ETC. (IMPRINT)
Place of publication, distribution, etc Forth Worth :
Name of publisher, distributor, etc Harcourt College Publishers,
Date of publication, distribution, etc 2000.
300 ## - PHYSICAL DESCRIPTION
Extent 447 p. :
Dimensions 23 cm.
650 ## - SUBJECT ADDED ENTRY--TOPICAL TERM
Topical term or geographic name as entry element Motion picture
General subdivision authorship.
700 ## - ADDED ENTRY--PERSONAL NAME
Personal name Missouri Downs, William
942 ## - ADDED ENTRY ELEMENTS (KOHA)
Koha item type Books
Source of classification or shelving scheme Library of Congress Classification
Call number prefix Foreign
Holdings
Withdrawn status Lost status Source of classification or shelving scheme Damaged status Home library Current library Shelving location Date acquired Total Checkouts Full call number Barcode Date last seen Copy number Price effective from Koha item type
    Library of Congress Classification   College Library College Library General Circulation Section 08/06/2004   PN 1996 .R84 2000 C5062 05/15/2018 1 03/10/2014 Books

Screenplay :

APA

Russin R., Missouri Downs W., . (2000). Screenplay. Forth Worth: Harcourt College Publishers.

Chicago

Russin Robin, Missouri Downs William, . 2000. Screenplay. Forth Worth: Harcourt College Publishers.

Harvard

Russin R., Missouri Downs W., . (2000). Screenplay. Forth Worth: Harcourt College Publishers.

MLA

Russin Robin, Missouri Downs William, . Screenplay. Forth Worth: Harcourt College Publishers. 2000.

  • Place hold
  • Print
  • Cite
  • Add to your cart (remove)
  • Save record
    BIBTEX Dublin Core MARCXML MARC (non-Unicode/MARC-8) MARC (Unicode/UTF-8) MARC (Unicode/UTF-8, Standard) MODS (XML) RIS
  • More searches
    Search for this title in:
    Other Libraries (WorldCat) Other Databases (Google Scholar) Online Stores (Bookfinder.com) Open Library (openlibrary.org)

Exporting to Dublin Core...

SOUTHVILLE LIBRARY

Southville International School and Colleges Library

1281 Tropical Ave. Cor. Luxembourg St., BF Homes International, Las Pinas City

Tel. No. 8256374 / 252358 Loc. 117/146

Powered by Koha